00301 a2200109 4500001000700000020000600007040001100013100002100024240007100045245006600116362000900182167301 a  cMagnum aChacon, Lourenco10aRitmo da escrita: uma organizacao do heterogeneo da linguagemlpor10aRitmo da escrita: uma organizacao do heterogeneo da linguagem0 a1899